000 01386nam a2200361Ia 4500
001 ebr10138701
003 CaPaEBR
006 m u
007 cr cn|||||||||
008 050224s2005 ne a sb 001 0 eng d
015 _aGBA518801
_2bnb
020 _z0750666943 (pbk.)
020 _z0080458939
020 _z9780750666947
040 _aCaPaEBR
_cCaPaEBR
035 _a(OCoLC)320807139
050 1 4 _aTA169
_b.S64 2005eb
082 0 4 _a620.00452
_222
100 1 _aSmith, David John,
_d1943-
245 1 0 _aReliability, maintainability and risk
_h[electronic resource] :
_bpractical methods for engineers /
_cDavid J. Smith.
250 _a7th ed.
260 _aAmsterdam ;
_aBoston :
_bElsevier Butterworth-Heinemann,
_c2005.
300 _axii, 346 p. :
_bill.
500 _aPrevious ed.: 2001.
504 _aIncludes bibliographical references (p. [320]-322) and index.
533 _aElectronic reproduction.
_bPalo Alto, Calif. :
_cebrary,
_d2009.
_nAvailable via World Wide Web.
_nAccess may be limited to ebrary affiliated libraries.
650 0 _aReliability (Engineering)
650 0 _aMaintainability (Engineering)
650 0 _aEngineering design.
655 7 _aElectronic books.
_2local
710 2 _aebrary, Inc.
856 4 0 _uhttp://site.ebrary.com/lib/rucke/Doc?id=10138701
_zAn electronic book accessible through the World Wide Web; click to view
999 _c185431
_d185431